000
00307nam a2200109Ia 4500
008
220204s9999 xx 000 0 und d
082
_a
658.8
_b
DAV
100
_a
Davar, Rustom S
245
0
_a
Modern marketing management: In the Indian context
260
_a
Bombay
_b
Progressive Corporation
_c
1977
942
_c
BK
999
_c
22657
_d
22657